00828nam a22002417a 450000500170000001000130001702000100003003500130004003700160005304000120006908200160008110000280009724500860012526000490021127000480026030000200030865000240032865000390035270000280039194200250041999900190044495201230046320170124110017.0 aA-334435 c00.00 aA-334435 bCen Lib/Ret aDPLbEN a612.67bLEO aLeontjeva, L. P.918993 aHow to live longer in bliss /cby L. P. Leontjeva ; translated by Nikolai Golikov aNew DelhibArnold-Heinemann Publishersc1987 bNew Delhie110028aAB/9, Safdarjang Enclave a137p.c18cm(Hb) aWay of live.918994 aHow to live a long life.z 918995 aGolikov, Nikolai918996 2ddccENh612.67mLEO c126961d126961 00104070aLbLd2015-06-27eCen Lib/Retg0.00l0o612.67 LEOpA-334435r2015-06-27 00:00:00t1v0.00w2015-06-27yEN